Report of the Second Pay Commission, Maharashtra (1975-1977) (Record no. 489338)

000 -LEADER
fixed length control field 00382cam a22001217a 4500
008 - FIXED-LENGTH DATA ELEMENTS--GENERAL INFORMATION
fixed length control field 180718b-- xxu||||| |||| 00| 0 eng d
082 ## - DEWEY DECIMAL CLASSIFICATION NUMBER
Classification number K23x5442 M278/2
100 ## - MAIN ENTRY--PERSONAL NAME
Personal name Maharashtra. Second Pay Commission
245 ## - TITLE STATEMENT
Title Report of the Second Pay Commission, Maharashtra (1975-1977)
260 ## - PUBLICATION, DISTRIBUTION, ETC.
Place of publication, distribution, etc. Bombay
Name of publisher, distributor, etc. The author
Date of publication, distribution, etc. --
500 ## - GENERAL NOTE
General note Chairman: B.R. Bhole
700 ## - ADDED ENTRY--PERSONAL NAME
Personal name Bhole, R.R. (Chairman)
Holdings
Withdrawn status Lost status Damaged status Not for loan Permanent Location Current Location Date acquired Full call number Barcode Date last seen Price effective from Koha item type
        Indian Institute of Public Administration Indian Institute of Public Administration 2018-08-04 K23x5442 M278/2 GG16544 2018-08-04 2018-08-04 GG

Powered by Koha